Approximate Population - Click Quiz - Statistics

General Stats
  • This quiz has been taken 19 times
  • The average score is 11 of 20
Answer Stats
Hint Answer % Correct
Czechia 10 million
81%
Ukraine 30 million
75%
Sweden 10 million
69%
Greece 10 million
69%
Ireland 5 million
69%
Kazakhstan 20 million
63%
Romania 20 million
63%
Sri Lanka 20 million
63%
Finland 5 million
63%
United Arab Emirates 10 million
50%
Cuba 10 million
50%
Yemen 30 million
50%
Peru 30 million
50%
Liberia 5 million
50%
Costa Rica 5 million
50%
Chile 20 million
44%
Somalia 20 million
38%
Australia 30 million
38%
Nepal 30 million
38%
Mauritania 5 million
31%
No matching quizzes found
Score Distribution
Percent of People with Each Score
Percentile by Number Answered
Your Score History
You have not taken this quiz